Gánh hàng hoa

Na minha lista:
Detalhes bibliográficos
Autor principal: Khái Hưng
Outros Autores: Khái Hưng; Nhất Linh
Idioma:Undetermined
Publicado em: Tp. Hồ Chí Minh Văn nghệ Tp. Hồ Chí Minh 1999
Assuntos:
Tags: Adicionar Tag
Sem tags, seja o primeiro a adicionar uma tag!
Thư viện lưu trữ: Trung tâm Học liệu Trường Đại học Trà Vinh
LEADER 00603nam a2200217Ia 4500
001 TVU_4607
008 210423s9999 xx 000 0 und d
041 |a Vie 
082 |a 895.922331 
082 |b Kh103g 
100 |a Khái Hưng 
245 0 |a Gánh hàng hoa 
245 0 |c Khái Hưng, Nhất Linh 
260 |a Tp. Hồ Chí Minh 
260 |b Văn nghệ Tp. Hồ Chí Minh 
260 |c 1999 
300 |a 328 tr. 
300 |c 14 cm 
650 |a Tiểu thuyết Việt Nam; Văn học hiện đại 
700 |a Khái Hưng; Nhất Linh 
980 |a Trung tâm Học liệu Trường Đại học Trà Vinh